| 000 | 00858nam a2200193Ia 4500 | ||
|---|---|---|---|
| 008 | 0000001999 sp ad 0000000000spa00 | ||
| 090 | _aPSP00 S15ch | ||
| 100 | 1 | _aSánchez Robayna, Andrés | |
| 245 | 1 | 0 |
_aCharo Pradas _c/ texto Andrés Sácnhez Rodayna ; fotografías Mateo Gamón |
| 300 |
_a45 p. _c/ 28 cm. |
||
| 500 | _aExposición realizada en ls Galería Luis Adelantado de Valencia, España en los meses de octubre y noviembre de 1999 \ Incluye datos biográficos y cronología artística \ Donación Galería Nueve Ochenta, Bogotá 2014 | ||
| 600 | 0 | 0 |
_a PRADAS, CHARO, 1960/ _xTRABAJOS PICTORICOS |
| 650 | 1 | 4 | _a PINTURA ESPAÑOLA |
| 650 | 1 | 4 | _aARTE CONTEMPORANEO ESPAÑOL |
| 650 | 1 | 4 | _xCATALOGOS |
| 650 | 1 | 4 | _xEXPOSICIONES |
| 650 | 1 | 4 | _aPINTORES ESPAÑOLES |
| 999 |
_c15428 _d15428 |
||
| 260 |
_aValencia (España) : Galería Luis Adelantado _c1999 |
||